Geography Quiz

Random Geography or City Quiz
Score 0/27 Timer 05:00
9 Plays Today
% Correct
Cairo
96.1%
Alexandria
87.7%
Giza
75.4%
Luxor
68.7%
North Sinai
65.9%
South Sinai
65.6%
Suez
64.9%
Aswan
64.9%
Red Sea
61.5%
New Valley
56.6%
Port Said
52.3%
Qena
44.3%
Asyut
43%
Minya
42.6%
% Correct
Matrouh
41.4%
Sohag
39.3%
Ismailia
33.7%
Damietta
33%
Beni Suef
30.8%
Faiyum
30.5%
Gharbia
29.6%
Beheira
29%
Dakahlia
26.4%
Sharqia
25.7%
Monufia
25.6%
Kafr el-Sheikh
23.5%
Qalyubia
22%

You're not logged in!

Compare scores with friends on all Sporcle quizzes.
OR
Log In

Sporcle TV

Today on Sporcle TV


Watch our educational content, quiz creation guides, and fun videos on Sporcle TV.

Show Comments

Extras

Top Quizzes Today


Score Distribution

Paid Content

Your Account Isn't Verified!

In order to create a playlist on Sporcle, you need to verify the email address you used during registration. Go to your Sporcle Settings to finish the process.

Report this User

Report this user for behavior that violates our Community Guidelines.

Details: